000 00747nam a2200205 a 4500
005 20250331191038.0
008 110309s2010 ck gr 000 0 spa d
020 _a9789587580402
040 _aCO-CtgCURN
_bspa
_ccoctgcurn
082 0 4 _a791.82
_bC112
_221
100 1 _aCaballero Holguín, Antonio,
_d1945-2021.
245 1 0 _aToreo de sillón /
_cAntonio Caballero.
260 _aBogotá :
_bAguilar,
_c2010.
300 _a275 p.
600 1 4 _aCaballero, Antonio,
_d1945-
_xColecciones de escritos.
650 1 7 _aCorridas de toros
_vEnsayos, conferencias, etc.
_2LEMB
650 1 7 _aTauromaquia
_vEnsayos, conferencias, etc.
_2LEMB
942 _aMHC
_bMHC
_cBK
_h791.82
_iC112
_2ddc
999 _c25632
_d25632